| 000 | 00337nam a2200133Ia 4500 | ||
|---|---|---|---|
| 008 | 230312s9999||||xx |||||||||||||| ||und|| | ||
| 082 |
_a612 _bBAS |
||
| 245 | 0 | _aBasic tests for Pharmaceutical Dosage Forms | |
| 260 |
_bA .I.T.B.S. Publishers _aIndia |
||
| 300 | _a129 | ||
| 546 | _aEng. | ||
| 650 |
_aPharmacy _vPharmaceutics |
||
| 942 | _cBK | ||
| 999 |
_c4449 _d4449 |
||